| 000 | 01957nab a2200253 a 4500 | ||
|---|---|---|---|
| 005 | 20230920112551.0 | ||
| 008 | 991125c2018 ar fr p o 000 0 spa d | ||
| 035 | _aUPN01000227867 | ||
| 040 |
_aUPN _bspa _cUPN _eaacr2 |
||
| 049 | _aART-E | ||
| 100 | 1 |
_aRosales, Gabriel _6- garosale@gmail.com |
|
| 245 | 1 | 0 |
_aAutoridad, responsabilidad y autoría en el oficio docente: el desafío de construir “nuestras” artesanías pedagógicas. _h[recurso electrónico en línea] |
| 506 | 0 | _aAcceso abierto | |
| 520 | 3 | _aEste artículo constituye una reflexión teórica que intenta establecer lazos de sentido entre tres conceptos claves para abordar las particularidades que adquiere el oficio docente en la contemporaneidad: autoridad pedagógica, responsabilidad educativa y autoría didáctica. En primer lugar, se parte por definir la noción de autoridad pedagógica y reseñar brevemente su crisis en el escenario educativo contemporáneo. En segundo lugar, se plantea que reconstruir la autoridad necesaria para enseñar implica revisar la noción de responsabilidad educativa, pues la autoridad del docente es reconocida en la medida en que este asume su responsabilidad para con la cultura y las nuevas generaciones. En tercer lugar se propone, a modo de hipótesis, que este movimiento subjetivo de “hacerse cargo” se hace más probable en la medida en que se promueva una relación de autoría del docente respecto de su propia acción; una acción que, desde esta perspectiva, implica la construcción de una artesanía pedagógica. | |
| 653 | 0 | _aAutoridad educativa | |
| 653 | 0 | _aResponsabilidad escolar | |
| 653 | 0 | _aAutoridad educativa | |
| 653 | 0 | _aDidáctica | |
| 653 | 0 | _aDocentes | |
| 773 |
_gVol. 8, no. 11 (2018 ), p. 30-47 _tArgonautas. Revista digital de educación y ciencias sociales _x1853-9092 |
||
| 856 | 4 | _uhttp://fchportaldigital.unsl.edu.ar/index.php/ARGO/article/view/58/41 | |
| 905 | _aArticulo | ||
| 942 | _cART-E | ||
| 999 |
_c199962 _d199962 |
||